MARC details
| 000 -LEADER |
| fixed length control field |
00586cam a2200157 4500 |
| 001 - CONTROL NUMBER |
| control field |
ABS60975 |
| 008 - FIXED-LENGTH DATA ELEMENTS--GENERAL INFORMATION |
| fixed length control field |
000000n1999 000 0 eng u |
| 035 ## - SYSTEM CONTROL NUMBER |
| System control number |
(Sirsi) u101521 |
| 245 ## - TITLE STATEMENT |
| Title |
Landscaping. |
| 260 ## - PUBLICATION, DISTRIBUTION, ETC. |
| Date of publication, distribution, etc. |
1999 |
| 490 ## - SERIES STATEMENT |
| Series statement |
Building |
| Volume/sequential designation |
264(8097) 16 July 1999, 44-53(8) |
| 520 ## - SUMMARY, ETC. |
| Summary, etc. |
Special feature on landscaping. Covers Wimbledon All England Lawn Tennis and Croquet Club, the new Thames Barrier Park in South London, the use of landscaping in construction projects and a review of the latest landscaping products. |
| 650 ## - SUBJECT ADDED ENTRY--TOPICAL TERM |
| Topical term or geographic name entry element |
LANDSCAPING |
| 690 ## - LOCAL SUBJECT ADDED ENTRY--TOPICAL TERM (OCLC, RLIN) |
| Topical term or geographic name as entry element |
LAND |
| 942 ## - ADDED ENTRY ELEMENTS (KOHA) |
| Suppress in OPAC |
0 |